00254nam a2200109Ia 4500008004100000100002200041245003000063260001700093650001000110942000700120999001700127190216s9999||||xx |||||||||||||| ||und|| aPrema Nanda Kumar 0aHindi-Subramanya Bharathi bNeruda Books aHindi cBK c15250d15250